000 00209nam a2200085Ia 4500
245 0 _aBrazil
100 _a DICKS, Brian New York, 2003
_980049
942 _cBK
008 210817s9999 xx 000 0 und d
999 _c280205
_d280204